header

Image critique & the fall of the Berlin Wall (Record no. 35839)

MARC details
000 -LEADER
fixed length control field 01175nam a2200301Ia 4500
100 1# - MAIN ENTRY--AUTHOR NAME
Personal name Manghani, Sunil.
245 10 - TITLE STATEMENT
Title Image critique & the fall of the Berlin Wall
260 ## - PUBLICATION, DISTRIBUTION, ETC. (IMPRINT)
Place of publication Bristol, UK ;
-- Chicago :
Name of publisher Intellect,
Year of publication 2008.
300 ## - PHYSICAL DESCRIPTION
Number of Pages 230 p. :
Other physical details ill., maps.
650 #0 - SUBJECT ADDED ENTRY--TOPICAL TERM
Topical Term Visual communication.
Topical Term Image (Philosophy)
856 40 - ELECTRONIC LOCATION AND ACCESS
Uniform Resource Identifier http://site.ebrary.com/lib/rucke/Doc?id=10251422

No items available.

© 2026 Rongo University
Contact us: librarian | system librarian | Rongo university